00322nam a2200133Ia 4500008004100000041001200041082001600053100001700069245003500086260002500121300000800146650001600154700001800170221030s9999 xx 000 0 und d aEnglish a105.23bSil aG. Silverman 0aComputers & Computer Languages bTMHaNew Delhic1988 a580 aBE Computer aD. B. Turkiew